Statistics for Famous Animals Quiz #1

Click here to take the quiz!

General Stats

  • This quiz has been taken 178,633 times
    (129,804 since last reset)
  • The average score is 17 of 24

Answer Stats

Animal Type % Correct
MickeyMouse
100%
GarfieldCat
99%
NemoClownfish
94%
DumboElephant
92%
DaffyDuck
90%
MufasaLion
89%
RudolphReindeer
88%
LassieDog
87%
AlvinChipmunk
87%
KermitFrog
87%
YogiBear
84%
FlipperDolphin
83%
EeyoreDonkey
77%
CharlotteSpider
76%
ShamuKiller Whale
63%
PinguPenguin
62%
HedwigOwl
59%
YertleTurtle
59%
Pepé Le PewSkunk
58%
BullwinkleMoose
50%
SplinterRat
40%
ShadowfaxHorse
38%
KokoGorilla
27%
MarcelMonkey
26%

Score Distribution

Percentile by Number Answered

Percent of People with Each Score

Your Score History

You have not taken this quiz since the last reset